000 01549nam a2200409 c 4500
999 _c67267
_d67267
003 BLK
005 20250127100131.0
008 180408b bul|||||r ||||||| ||bul||
010 _aKNG00071577000
020 _a954-9890-82-1
040 _aBLK
041 _aBUL
_cBUL
080 _aПолитически партии и движения
_b329
_x(497.2)БКП(091)(092)
_z329(497.2)БКП(091)(092)
080 _aПолитика. Вж и 341 ; 342
_b32
_x(497.2)(091)
_z32(497.2)(091)
080 _aБългарски държавник, политик, деец на БКП
_b929 Живков, Тодор Христов
_z929 Живков, Тодор Христов
100 1 _aБаева, Искра
_eпърви автор
_9367261
139 _aБаева, Искра
_bЖ 48
245 1 0 _aТодор Живков
_cИскра Баева.
257 _aBGR
260 _bКАМА
_c2006
_aСофия
300 _a128 с.
_c17 см
380 _a3
490 _aПоредица Знаем ли...
_v38
_9202005
650 4 _aБКП - дейци - биографии
_9269251
650 7 _aБългария - вътрешна и външна политика
_2
_9149492
651 4 _aБългария
_9241624
653 _aБКП
653 _aТодор Живков
653 _aбиографии
852 _aЦб І 41113
_bО
856 4 _qpdf
856 4 _qpdf
942 _cKNG
_n0
_02
_s1
944 _aCR
_c13.02.2007
_k30560
_lГеновева Генчева
944 _aED
_c10.10.2007
999 _d67267